Normal view MARC view

Entry Personal Name

Number of records used in: 2

001 - CONTROL NUMBER

  • control field: 5336

003 - CONTROL NUMBER IDENTIFIER

  • control field: DLC

005 - DATE AND TIME OF LATEST TRANSACTION

  • control field: 20221114120013.0

008 - FIXED-LENGTH DATA ELEMENTS

  • fixed length control field: 870203n| acannaab| |a aaa |||

010 ## - LIBRARY OF CONGRESS CONTROL NUMBER

  • LC control number: n 85362151

040 ## - CATALOGING SOURCE

  • Original cataloging agency: DLC
  • Transcribing agency: DLC
  • Modifying agency: DLC

100 10 - HEADING--PERSONAL NAME

  • Personal name: Hubbard, J. R.
  • Fuller form of name: (John Rast),
  • Dates associated with a name: 1943-

400 10 - SEE FROM TRACING--PERSONAL NAME

  • Personal name: Hubbard, John Rast,
  • Dates associated with a name: 1943-

400 10 - SEE FROM TRACING--PERSONAL NAME

  • Personal name: Hubbard, John R.,
  • Dates associated with a name: 1943-

670 ## - SOURCE DATA FOUND

  • Source citation: His A gentle introduction to the VAX, 1987:
  • Information found: CIP t.p. (J.R. Hubbard)

670 ## - SOURCE DATA FOUND

  • Source citation: Phone call to the Univ. of Richmond Dept. of Math/Comp Science, 1-16-87
  • Information found: (John Rast Hubbard, b. 1943)

670 ## - SOURCE DATA FOUND

  • Source citation: The best test preparation for the advanced placement examination in mathematics, calculus BC, c1995:
  • Information found: t.p. (J.R. Hubbard, Ph.D.; Associate Prof. of Mathematics & Computer Science, Univ. of Richmond, Richmond, Va.)

670 ## - SOURCE DATA FOUND

  • Source citation: Schaum's outline of theory and problems of fundamantals of computing with C++, 1998:
  • Information found: CIP t.p. (John R. Hubbard; Ph.D.; Prof. of Math and Computer Science, U. of Richmond)

Powered by Koha